|
|
|
|
| LEADER |
00000nam a2200000 a 4500 |
| 001 |
vtls009331950 |
| 003 |
SK-MaSNL |
| 005 |
20260301210857.0 |
| 008 |
240315s2007 xo oab c 000 0 cze |
| 015 |
|
|
|a SNBA2008/10-04563
|
| 020 |
|
|
|a 9788089217380
|q (viaz.)
|
| 040 |
|
|
|a SNK
|b slo
|c SNK
|e AACR2
|
| 041 |
1 |
|
|a cze
|h eng
|
| 043 |
|
|
|a f------
|
| 044 |
|
|
|a xo
|c SK
|
| 072 |
|
7 |
|a 59
|x Zoológia
|2 konspekt
|
| 072 |
|
7 |
|a 821-93
|x Literatúra pre deti a mládež
|2 konspekt
|
| 080 |
|
|
|a 592/599
|2 2001
|
| 080 |
|
|
|a (6)
|2 2001
|
| 080 |
|
|
|a 0/9
|2 2001
|
| 080 |
|
|
|a (0.053.2)
|2 2001
|
| 100 |
1 |
|
|a Beck, Paul
|4 aut
|9 475855
|
| 240 |
1 |
4 |
|a The field guide to safari animals
|l Česky
|
| 245 |
1 |
0 |
|a Safari zvířata
|b zápisník badatele : [objevte exotickou Afriku : obsahuje 59 částí k sestavení 8 afrických zvířat a vyjímatelnou diorámu]
|c Paul Beck ; [autoři fotografií: Henrich van der Berg ... [et al.] ; ilustroval: Ryan Hobson za asistence Christine Lee ; překlad Pavel Ivan]
|
| 250 |
|
|
|a 1. vyd.
|
| 260 |
|
|
|a [Bratislava]
|b Eastone Books
|c 2007
|
| 300 |
|
|
|a 36 s., [1] s. ilustr. príl.
|b fareb. fotogr. a ilustr., mp.
|c 26 cm
|
| 500 |
|
|
|a Miesto vyd. podľa ISBN
|
| 521 |
|
|
|a Od 8 rokov
|
| 650 |
0 |
7 |
|a zvieratá
|2 SNKPH
|9 1091
|
| 650 |
0 |
7 |
|a všeobecnosti a zaujímavosti
|2 SNKPH
|9 4162
|
| 651 |
|
7 |
|a Afrika
|2 SNKPH
|9 17012
|
| 655 |
|
7 |
|a publikácie pre deti
|2 SNKPH
|9 70148
|
| 700 |
1 |
|
|a Ivan, Pavel
|4 trl
|9 404380
|
| 700 |
1 |
|
|a Hobson, Ryan
|4 ill
|9 405854
|
| 700 |
1 |
|
|a Lee, Christine
|4 oth
|9 475857
|
| 700 |
1 |
|
|a Van der Berg, Heinrich
|4 pht
|9 594966
|
| 919 |
|
|
|a 978-80-89217-38-0
|
| 958 |
|
|
|a OP
|
| 958 |
|
|
|a DB
|
| 958 |
|
|
|a CZ
|
| 958 |
|
|
|a NM
|
| 968 |
|
|
|a Čes
|b ENG
|d 56/59
|
| 999 |
|
|
|c 915083
|d 917013
|
| 952 |
|
|
|a SNK
|b SNK
|y PREZ
|7 0
|p 17A0598443
|o snkSB 76632
|i snk2008/16899
|8 0
|0 0
|1 0
|4 0
|d 2008-09-10
|l 0
|r 2017-06-30 00:00:00
|w 2026-02-24
|
| 952 |
|
|
|a SNK
|b SNK
|y PREZ
|7 0
|p 17A0598444
|o snkSB 76632 D1
|i snk2008/16900
|8 0
|0 0
|1 0
|4 0
|d 2008-09-10
|l 0
|r 2016-06-30 00:00:00
|w 2026-02-24
|